[Event "VL18/19"]
[Site "Mecklenburg-Vorpommern"]
[Date "2019.03.24"]
[Round "8.6"]
[White "Boecking, Uwe"]
[Black "Troemer, Felix"]
[Result "1-0"]
[WhiteElo "1721"]
[BlackElo "1808"]
[PlyCount "69"]
[EventDate "2018.??.??"]
[EventType "team-tourn"]
[EventRounds "9"]
[EventCountry "GER"]
[WhiteTeam "SFO Warnemuende"]
[BlackTeam "SAV Torgelow"]
[WhiteTeamCountry "GER"]
[BlackTeamCountry "GER"]

1. e4 c5 2. Nf3 e6 3. d4 cxd4 4. Nxd4 a6 5. Be2 Qc7 6. O-O Nf6 7. Bf3 Be7 8.
Nc3 d6 9. g3 Nbd7 10. Bg2 O-O 11. Kh1 Rb8 12. a4 b6 13. f4 Bb7 14. Qe2 Rbc8 15.
Bd2 Rfe8 16. g4 Rf8 17. g5 Ne8 18. Qh5 e5 19. Nf5 Nc5 20. Nxe7+ Qxe7 21. f5 f6
22. g6 h6 23. b4 Nd7 24. Rf3 Bxe4 25. Nxe4 Rxc2 26. Rc3 Rb2 27. Rd3 a5 28. Nc3
Rxd2 29. Rxd2 Nc7 30. Nd5 Nxd5 31. Bxd5+ Kh8 32. b5 Nc5 33. Ra3 Rd8 34. Qg4 Qc7
35. Qc4 1-0

[Event "VL18/19"]
[Site "Mecklenburg-Vorpommern"]
[Date "2019.03.24"]
[Round "8.7"]
[White "Grossmann, Piet"]
[Black "Schmidt, Reinhard"]
[Result "1/2-1/2"]
[WhiteElo "1688"]
[BlackElo "1777"]
[PlyCount "69"]
[EventDate "2018.??.??"]
[EventType "team-tourn"]
[EventRounds "9"]
[EventCountry "GER"]
[WhiteTeam "SAV Torgelow"]
[BlackTeam "SFO Warnemuende"]
[WhiteTeamCountry "GER"]
[BlackTeamCountry "GER"]

1. e4 d5 2. exd5 Qxd5 3. Nc3 Qa5 4. d4 c6 5. Nf3 Bg4 6. h3 Bxf3 7. Qxf3 Nf6 8.
Bf4 Nbd7 9. O-O-O e6 10. Kb1 Be7 11. g4 Nd5 12. Nxd5 Qxd5 13. Qxd5 cxd5 14. Bd3
a6 15. Bg3 h5 16. c3 g6 17. f3 Bf6 18. Rde1 hxg4 19. hxg4 Rxh1 20. Rxh1 Ke7 21.
f4 Rh8 {RA} 22. Rxh8 Bxh8 23. g5 Nb6 24. Kc2 Nc4 25. Bxc4 dxc4 26. b3 cxb3+ 27.
Kxb3 Kd7 28. Kc4 Kc6 29. a4 Bg7 30. Be1 Bf8 31. Kd3 b5 32. axb5+ axb5 33. c4
bxc4+ 34. Kxc4 Bd6 35. Bd2 1/2-1/2

[Event "VL18/19"]
[Site "Mecklenburg-Vorpommern"]
[Date "2019.03.24"]
[Round "8.8"]
[White "Fenske, Harald"]
[Black "Onasch, Paul"]
[Result "0-1"]
[WhiteElo "1583"]
[BlackElo "1939"]
[PlyCount "88"]
[EventDate "2018.??.??"]
[EventType "team-tourn"]
[EventRounds "9"]
[EventCountry "GER"]
[WhiteTeam "SFO Warnemuende"]
[BlackTeam "SAV Torgelow"]
[WhiteTeamCountry "GER"]
[BlackTeamCountry "GER"]

1. e4 d5 2. exd5 Qxd5 3. Nc3 Qa5 4. Nf3 Nf6 5. Be2 c6 6. h3 Bf5 7. a3 e6 8. d3
Nbd7 9. Bd2 Qc7 10. Be3 Bd6 11. Qd2 h6 12. Nd4 Bg6 13. O-O O-O 14. Rab1 e5 15.
Nb3 Rad8 16. Qc1 Nb6 17. Bd2 Bf5 18. Qe1 Rfe8 19. Be3 Nbd5 20. Nxd5 cxd5 21.
Qc1 d4 22. Bd2 Be6 23. Na1 Ba2 24. c4 dxc3 25. Bxc3 Bxb1 26. Qxb1 Nd5 27. Bd2
Qb6 28. Bf3 Ne7 29. b4 Nf5 30. Nb3 Bf8 31. Rd1 Qb5 32. Be4 Nd4 33. Nxd4 exd4
34. Bf4 Bd6 35. Qc1 Bxf4 36. Qxf4 Rc8 37. Qd2 b6 38. Qb2 Rc3 39. Rc1 Rec8 40.
Rxc3 Rxc3 41. Qa2 Qe5 42. g3 Rc7 43. f4 Qh5 44. Kg2 Qd1 0-1

[Event "VL18/19"]
[Site "Mecklenburg-Vorpommern"]
[Date "2019.04.07"]
[Round "9.1"]
[White "Grahl, Arvid"]
[Black "Schmekel, Florian"]
[Result "1/2-1/2"]
[WhiteElo "2100"]
[BlackElo "2016"]
[PlyCount "134"]
[EventDate "2018.??.??"]
[EventType "team-tourn"]
[EventRounds "9"]
[EventCountry "GER"]
[WhiteTeam "SF Schwerin II"]
[BlackTeam "SAV Torgelow"]
[WhiteTeamCountry "GER"]
[BlackTeamCountry "GER"]

1. d4 Nf6 2. c4 e6 3. Nc3 Bb4 4. Qc2 c5 5. dxc5 Bxc5 6. Nf3 Nc6 7. Bf4 O-O 8.
e3 b6 9. Be2 Bb7 10. a3 Rc8 11. O-O Be7 12. Rfd1 a6 13. b4 d6 14. Qd2 Ne8 15.
Rac1 a5 16. Rb1 axb4 17. axb4 Ra8 18. e4 e5 19. Be3 Nf6 20. h3 Nb8 21. Bd3 Nbd7
22. Ra1 Qc7 23. Nd5 Nxd5 24. cxd5 Rxa1 25. Rxa1 Ra8 26. Rc1 Qb8 27. Qc2 Bd8 28.
Bb5 Nf6 29. Nd2 Qa7 30. Bc6 Rc8 31. Qb2 Bxc6 32. Rxc6 Rxc6 33. dxc6 Qc7 34. b5
d5 35. exd5 Nxd5 36. Nc4 f6 37. Qb3 Qf7 38. Qd3 Bc7 39. Qf5 Qe8 40. f3 g6 41.
Qd3 Qe6 42. Bd2 f5 43. Ne3 Nf6 44. Qc4 Qxc4 45. Nxc4 Kf7 46. Bc3 Ke6 47. Bxe5
Bxe5 48. Nxe5 Nd5 49. Nc4 Nc7 50. Nxb6 Nxb5 51. Nc4 Kd5 52. Na5 Nc7 53. Kf2 Kc5
54. Kg3 Ne6 55. c7 Nxc7 56. Kf4 Kd5 57. Kg5 Ne6+ 58. Kh6 Nf4 59. Kxh7 Nxg2 60.
Kxg6 Nf4+ 61. Kxf5 Nxh3 62. Kg4 Ng1 63. f4 Ne2 64. f5 Nd4 65. f6 Ke6 66. Kg5
Kf7 67. Nc4 Nf3+ 1/2-1/2

[Event "VL18/19"]
[Site "Mecklenburg-Vorpommern"]
[Date "2019.04.07"]
[Round "9.2"]
[White "Lehmann, Ruben"]
[Black "Heinsohn, Wilfried"]
[Result "1-0"]
[WhiteElo "1908"]
[BlackElo "2097"]
[PlyCount "75"]
[EventDate "2018.??.??"]
[EventType "team-tourn"]
[EventRounds "9"]
[EventCountry "GER"]
[WhiteTeam "SAV Torgelow"]
[BlackTeam "SF Schwerin II"]
[WhiteTeamCountry "GER"]
[BlackTeamCountry "GER"]

1. d4 Nf6 2. c4 g6 3. Nc3 Bg7 4. e4 d6 5. Nf3 O-O 6. Be2 e5 7. O-O Na6 8. a3 c6
9. dxe5 dxe5 10. Qc2 Qe7 11. b4 Nc7 12. Be3 Rd8 13. Rfd1 Rxd1+ 14. Rxd1 Ng4 15.
Bc5 Qe8 16. h3 Nh6 17. Bd6 Na6 18. c5 f6 19. Bxa6 bxa6 20. Bc7 Nf7 21. Qe2 Qe7
22. Ba5 Bf8 23. Nd2 Qe6 24. Nc4 Bb7 25. Qd3 Be7 26. Nd6 Bc8 27. Na4 Kf8 28. Nb2
Qa2 29. Nxc8 Qxb2 30. Nxe7 Kxe7 31. Qd7+ Kf8 32. Qxc6 Re8 33. Qxf6 Kg8 34. Rd7
Qc1+ 35. Kh2 Qc4 36. Rxa7 Qe6 37. Qxe6 Rxe6 38. Bb6 1-0

[Event "VL18/19"]
[Site "Mecklenburg-Vorpommern"]
[Date "2019.04.07"]
[Round "9.4"]
[White "Bauer, Norbert"]
[Black "Hasselmann, Dieter"]
[Result "1/2-1/2"]
[WhiteElo "2026"]
[BlackElo "2075"]
[PlyCount "128"]
[EventDate "2018.??.??"]
[EventType "team-tourn"]
[EventRounds "9"]
[EventCountry "GER"]
[WhiteTeam "SAV Torgelow"]
[BlackTeam "SF Schwerin II"]
[WhiteTeamCountry "GER"]
[BlackTeamCountry "GER"]

1. d4 Nf6 2. c4 e6 3. Nf3 d5 4. Nc3 a6 5. cxd5 exd5 6. Bg5 Be6 7. e3 Nbd7 8.
Bd3 h6 9. Bh4 Rc8 10. O-O g5 11. Bg3 Nh5 12. Ne2 Nxg3 13. Nxg3 g4 14. Nd2 h5
15. e4 Nf6 16. e5 Nd7 17. f4 gxf3 18. Nxf3 c5 19. Nf5 cxd4 20. Kh1 Rg8 21.
N5xd4 Nc5 22. Nxe6 Nxe6 23. Bf5 Rc6 24. Qd2 Bc5 25. Rad1 d4 26. Rfe1 Bb6 27. b4
Rc4 28. Qh6 Qe7 29. a3 a5 30. Bd3 Rc3 31. Bb5+ Kd8 32. Qxh5 axb4 33. axb4 Rc2
34. g3 Kc8 35. Rc1 Rxc1 36. Rxc1+ Kb8 37. Qf5 Rd8 38. Bd3 Nc7 39. Be4 Qxb4 40.
Qf6 Nd5 41. Qxf7 Nc7 42. Rb1 Qc5 43. Qf6 Nb5 44. Qf7 Nc7 45. Qb3 Ka7 46. e6 d3
47. Ne5 d2 48. Nd7 Qd4 49. Bf3 Qf2 50. Qxb6+ Qxb6 51. Nxb6 Nxe6 52. Nc4 Nd4 53.
Nxd2 b5 54. Kg2 Kb6 55. Ne4 Nc2 56. Rc1 Na3 57. Nc3 b4 58. Nd5+ Kb5 59. Nxb4
Kxb4 60. h4 Nc4 61. g4 Rd2+ 62. Kg3 Rd3 63. Rf1 Nd2 64. Rd1 Rxf3+ 1/2-1/2

[Event "VL18/19"]
[Site "Mecklenburg-Vorpommern"]
[Date "2019.04.07"]
[Round "9.5"]
[White "Roehl, Rainer"]
[Black "Ehlers, Michael"]
[Result "1/2-1/2"]
[WhiteElo "2006"]
[BlackElo "1850"]
[PlyCount "43"]
[EventDate "2018.??.??"]
[EventType "team-tourn"]
[EventRounds "9"]
[EventCountry "GER"]
[WhiteTeam "SF Schwerin II"]
[BlackTeam "SAV Torgelow"]
[WhiteTeamCountry "GER"]
[BlackTeamCountry "GER"]

1. d4 Nf6 2. Bf4 e6 3. e3 c5 4. c3 b6 5. Nd2 Bb7 6. Nc4 cxd4 7. Qxd4 Nc6 8. Qd1
d5 9. Ne5 Nxe5 10. Bxe5 a6 11. Nf3 Be7 12. Bd3 O-O 13. O-O b5 14. Nd4 Nd7 15.
Bg3 Rc8 16. Qe2 Qb6 17. a3 g6 18. Rad1 Bf6 19. Bb1 Ne5 20. Bxe5 Bxe5 21. f4 Bg7
22. h4 1/2-1/2

[Event "VL18/19"]
[Site "Mecklenburg-Vorpommern"]
[Date "2019.04.07"]
[Round "9.6"]
[White "Troemer, Felix"]
[Black "Wandel, Bernd"]
[Result "0-1"]
[WhiteElo "1808"]
[BlackElo "2036"]
[PlyCount "46"]
[EventDate "2018.??.??"]
[EventType "team-tourn"]
[EventRounds "9"]
[EventCountry "GER"]
[WhiteTeam "SAV Torgelow"]
[BlackTeam "SF Schwerin II"]
[WhiteTeamCountry "GER"]
[BlackTeamCountry "GER"]

1. e4 c6 2. d4 d5 3. e5 c5 4. c3 Nc6 5. Be2 Bf5 6. Nf3 e6 7. Nbd2 cxd4 8. cxd4
Nge7 9. O-O Ng6 10. Nb3 Be7 11. Bd2 Qb6 12. Bc3 O-O 13. Qd2 a5 14. Ne1 a4 15.
Nc1 Ngxe5 16. dxe5 d4 17. Bxd4 Nxd4 18. Bd3 Rfd8 19. Ne2 Ra5 20. Nxd4 Rxd4 21.
Qe2 Bxd3 22. Nxd3 Rad5 23. Rfd1 Qd8 0-1

[Event "VL18/19"]
[Site "Mecklenburg-Vorpommern"]
[Date "2019.04.07"]
[Round "9.7"]
[White "Helms, Sven"]
[Black "Grossmann, Piet"]
[Result "1-0"]
[WhiteElo "1913"]
[BlackElo "1688"]
[PlyCount "95"]
[EventDate "2018.??.??"]
[EventType "team-tourn"]
[EventRounds "9"]
[EventCountry "GER"]
[WhiteTeam "SF Schwerin II"]
[BlackTeam "SAV Torgelow"]
[WhiteTeamCountry "GER"]
[BlackTeamCountry "GER"]

1. e4 e6 2. d4 d5 3. Nc3 Nf6 4. e5 Nfd7 5. f4 c5 6. Nf3 Nc6 7. Be3 Qb6 8. Qd2
cxd4 9. Nxd4 Nxd4 10. Bxd4 Qd8 11. O-O-O a6 12. g4 Bc5 13. Bxc5 Nxc5 14. Bg2
Qc7 15. Rhe1 Bd7 16. Bxd5 O-O-O 17. Bg2 Bc6 18. Qf2 Bxg2 19. Qxg2 h6 20. Qf3
Rxd1+ 21. Rxd1 Rd8 22. Rxd8+ Qxd8 23. b4 Nd7 24. Ne4 Qc7 25. Qd3 f6 26. Nd6+
Kb8 27. Ne8 Qc6 28. Nxg7 fxe5 29. fxe5 Nxe5 30. Qd8+ Qc8 31. Qd6+ Qc7 32. Qxc7+
Kxc7 33. Nxe6+ Kd6 34. Nd4 Nxg4 35. h3 Nf2 36. Nf5+ Ke5 37. Nxh6 Nxh3 38. Nf7+
Kd5 39. Nd8 b6 40. Kb2 Kc4 41. a3 Nf4 42. Nc6 Ne6 43. c3 Kb5 44. Nb8 a5 45. Kb3
a4+ 46. Kc2 Kc4 47. Nd7 b5 48. Nb6# 1-0

[Event "VL18/19"]
[Site "Mecklenburg-Vorpommern"]
[Date "2019.04.07"]
[Round "9.8"]
[White "Bollnow, Alex"]
[Black "Kross, Gunnar"]
[Result "0-1"]
[WhiteElo "1659"]
[BlackElo "1933"]
[PlyCount "78"]
[EventDate "2018.??.??"]
[EventType "team-tourn"]
[EventRounds "9"]
[EventCountry "GER"]
[WhiteTeam "SAV Torgelow"]
[BlackTeam "SF Schwerin II"]
[WhiteTeamCountry "GER"]
[BlackTeamCountry "GER"]

1. e4 c6 2. d4 d5 3. Nc3 dxe4 4. Nxe4 Nd7 5. Nf3 Ngf6 6. Nxf6+ Nxf6 7. Bg5 Bg4
8. Be2 Qa5+ 9. Qd2 Qxd2+ 10. Nxd2 Bxe2 11. Kxe2 Nd5 12. Ne4 h6 13. Bh4 f5 14.
Ng3 g5 15. Bxg5 hxg5 16. Nxf5 O-O-O 17. h4 e6 18. Ne3 Rxh4 19. Rxh4 gxh4 20.
Rh1 Nxe3 21. Kxe3 Be7 22. g4 Bg5+ 23. f4 Bf6 24. c3 Rh8 25. g5 Bg7 26. Kf3 Kd7
27. Kg4 h3 28. Rxh3 Rxh3 29. Kxh3 Ke7 30. Kg4 Kf7 31. Kh5 Bf8 32. a4 Bd6 33.
Kg4 Kg6 34. b4 a6 35. a5 Bf8 36. Kf3 Kf5 37. Ke3 Bd6 38. Kf3 Bxf4 39. g6 Bh6
0-1

[Event "VL18/19"]
[Site "Mecklenburg-Vorpommern"]
[Date "2019.04.07"]
[Round "9.1"]
[White "Wolke, Heiko"]
[Black "Mangold, Thomas"]
[Result "1/2-1/2"]
[WhiteElo "1961"]
[BlackElo "2055"]
[PlyCount "80"]
[EventDate "2018.??.??"]
[EventType "team-tourn"]
[EventRounds "9"]
[EventCountry "GER"]
[WhiteTeam "SFO Warnemuende"]
[BlackTeam "SSC Rostock"]
[WhiteTeamCountry "GER"]
[BlackTeamCountry "GER"]

1. e4 e5 2. Nf3 Nc6 3. d4 exd4 4. Bc4 Nf6 5. O-O d6 6. Nxd4 Be7 7. Nc3 O-O 8.
Nxc6 bxc6 9. Qe2 Re8 10. e5 Bf8 11. Qf3 Rxe5 12. Qxc6 Bd7 13. Qf3 Bg4 14. Qg3
Qd7 15. h3 Bf5 16. Bb3 a5 17. Bg5 Ne4 18. Nxe4 Bxe4 19. Bf4 Ree8 20. Rac1 Rab8
21. Qc3 a4 22. Bc4 g6 23. b3 Qc6 24. Qg3 Bg7 25. Bd3 Bxd3 26. Qxd3 Qe4 27. Qxe4
Rxe4 28. Be3 f5 29. g3 Kf7 30. Rfd1 Ke6 31. Kg2 d5 32. Kf3 c6 33. Rd3 Be5 34.
Rcd1 f4 35. gxf4 Rf8 36. c4 Bxf4 37. cxd5+ cxd5 38. Rxd5 Rb4 39. Ke2 Bxe3 40.
fxe3 axb3 1/2-1/2

[Event "VL18/19"]
[Site "Mecklenburg-Vorpommern"]
[Date "2019.04.07"]
[Round "9.2"]
[White "Pererva, Viktor"]
[Black "Ruesch, Hans Joachim"]
[Result "0-1"]
[WhiteElo "2080"]
[BlackElo "1959"]
[PlyCount "70"]
[EventDate "2018.??.??"]
[EventType "team-tourn"]
[EventRounds "9"]
[EventCountry "GER"]
[WhiteTeam "SSC Rostock"]
[BlackTeam "SFO Warnemuende"]
[WhiteTeamCountry "GER"]
[BlackTeamCountry "GER"]

1. d4 g6 2. c4 Bg7 3. e4 d6 4. Nc3 Nf6 5. f3 O-O 6. Be3 c5 7. Nge2 cxd4 8. Nxd4
Nc6 9. Qd2 Qa5 10. Nc2 Rd8 11. Be2 Be6 12. O-O a6 13. a4 Nd7 14. Rab1 Nce5 15.
b4 Qc7 16. Nd5 Bxd5 17. cxd5 Rdc8 18. Rfc1 Qd8 19. Na3 Nf6 20. a5 h5 21. b5
Rxc1+ 22. Rxc1 axb5 23. Bb6 Qf8 24. Rc7 Nfd7 25. Rxb7 Nxb6 26. Rxb6 Bh6 27. f4
b4 28. Nc2 Qc8 29. Rb5 Bxf4 30. Qxf4 Qxc2 31. Qe3 b3 32. Rxb3 Rxa5 33. h3 Ra1+
34. Kh2 Re1 35. Rb8+ Kg7 0-1

[Event "VL18/19"]
[Site "Mecklenburg-Vorpommern"]
[Date "2019.04.07"]
[Round "9.3"]
[White "Hamann, Dirk"]
[Black "Hodl, Ingolf"]
[Result "1/2-1/2"]
[WhiteElo "1880"]
[BlackElo "1855"]
[PlyCount "65"]
[EventDate "2018.??.??"]
[EventType "team-tourn"]
[EventRounds "9"]
[EventCountry "GER"]
[WhiteTeam "SFO Warnemuende"]
[BlackTeam "SSC Rostock"]
[WhiteTeamCountry "GER"]
[BlackTeamCountry "GER"]

1. e4 Nf6 2. e5 Nd5 3. d4 d6 4. exd6 cxd6 5. Nf3 g6 6. Bc4 Nb6 7. Bb3 Bg7 8.
O-O O-O 9. Bg5 Nc6 10. c3 Bf5 11. Re1 d5 12. Nbd2 Qd7 13. Nf1 a5 14. Ne3 Be4
15. Nd2 a4 16. Nxe4 dxe4 17. Nc4 Nc8 18. Bxa4 Qd5 19. Ne5 Nxe5 20. dxe5 Qxe5
21. Be3 Qa5 22. Bb3 Nd6 23. Qg4 Kh8 24. Rad1 f5 25. Qh4 Bf6 26. Bg5 Bxg5 27.
Qxg5 Qe5 28. Rd5 Qg7 29. Red1 h6 30. Qf4 Rac8 31. h4 Rf6 32. Qe5 Qf8 33. Qf4
1/2-1/2

[Event "VL18/19"]
[Site "Mecklenburg-Vorpommern"]
[Date "2019.04.07"]
[Round "9.5"]
[White "Boecking, Uwe"]
[Black "Hingst, Silke"]
[Result "0-1"]
[WhiteElo "1721"]
[BlackElo "1844"]
[PlyCount "74"]
[EventDate "2018.??.??"]
[EventType "team-tourn"]
[EventRounds "9"]
[EventCountry "GER"]
[WhiteTeam "SFO Warnemuende"]
[BlackTeam "SSC Rostock"]
[WhiteTeamCountry "GER"]
[BlackTeamCountry "GER"]

1. e4 c5 2. Nf3 d6 3. d4 cxd4 4. Nxd4 Nf6 5. Nc3 a6 6. Bg5 Qc7 7. Bd3 e5 8. Nb3
Be7 9. Bxf6 Bxf6 10. Nd5 Qd8 11. O-O Be6 12. Qe1 Nd7 13. Nxf6+ Nxf6 14. f4 O-O
15. f5 Bd7 16. Kh1 b5 17. Qh4 d5 18. exd5 Bc8 19. Be4 Nxe4 20. Qxe4 Bb7 21.
Rad1 Qd6 22. Na5 Rab8 23. Nxb7 Rxb7 24. Rfe1 f6 25. Re3 Rc7 26. c3 Rc4 27. Qf3
Rf4 28. Qh5 Qxd5 29. Rh3 h6 30. Qe2 Rf2 31. Qxf2 Qxd1+ 32. Qg1 Rd8 33. Rf3 Qe2
34. Rf2 Qh5 35. g4 Qh3 36. Rf1 Rd2 37. Rd1 Qf3+ 0-1

[Event "VL18/19"]
[Site "Mecklenburg-Vorpommern"]
[Date "2019.04.07"]
[Round "9.7"]
[White "Patrias, Joachim"]
[Black "Hartzendorf, Jonathan"]
[Result "0-1"]
[WhiteElo "1385"]
[BlackElo "1773"]
[PlyCount "72"]
[EventDate "2018.??.??"]
[EventType "team-tourn"]
[EventRounds "9"]
[EventCountry "GER"]
[WhiteTeam "SFO Warnemuende"]
[BlackTeam "SSC Rostock"]
[WhiteTeamCountry "GER"]
[BlackTeamCountry "GER"]

1. e4 e6 2. d4 d5 3. Nd2 Nf6 4. e5 Nfd7 5. Ndf3 c5 6. Be3 Nc6 7. Bb5 Qa5+ 8. c3
Qxb5 9. Ne2 b6 10. O-O Ba6 11. Re1 Qxb2 12. Rb1 Qa3 13. Rb3 Qa4 14. Nc1 Bc4 15.
Rb1 Qxd1 16. Rxd1 Be7 17. a4 O-O 18. Nd2 Na5 19. f4 g6 20. Nxc4 Nxc4 21. Bf2
Rfc8 22. Ne2 Rc7 23. g4 Rac8 24. h4 cxd4 25. Nxd4 Na3 26. Rb3 Rxc3 27. Rxa3
Rxa3 28. Nb5 Rxa4 29. Nd4 Bc5 30. Kg2 Bxd4 31. Bxd4 Rc2+ 32. Kf3 Ra3+ 33. Be3
Nc5 34. Rd4 Ne4 35. Rxe4 dxe4+ 36. Kxe4 Re2 0-1

[Event "VL18/19"]
[Site "Mecklenburg-Vorpommern"]
[Date "2019.04.07"]
[Round "9.8"]
[White "Kallweit, Paul"]
[Black "Warmuth, Ruediger"]
[Result "1-0"]
[WhiteElo "1740"]
[BlackElo "1459"]
[PlyCount "73"]
[EventDate "2018.??.??"]
[EventType "team-tourn"]
[EventRounds "9"]
[EventCountry "GER"]
[WhiteTeam "SSC Rostock"]
[BlackTeam "SFO Warnemuende"]
[WhiteTeamCountry "GER"]
[BlackTeamCountry "GER"]

1. d4 Nf6 2. c4 g6 3. Nc3 Bg7 4. g3 c6 5. Bg2 d6 6. e4 O-O 7. Nge2 Bg4 8. h3
Bd7 9. O-O Qc8 10. Kh2 e5 11. Be3 Na6 12. Qd2 Re8 13. Rad1 Qc7 14. Rc1 b6 15.
Rfd1 Bf8 16. dxe5 dxe5 17. Bg5 Qd8 18. Bxf6 Qxf6 19. Qxd7 Nc5 20. Qg4 h5 21.
Qf3 Qg7 22. b4 Ne6 23. a3 Qh7 24. Rd7 Re7 25. Rcd1 Rae8 26. b5 Rxd7 27. Rxd7
Nc5 28. Rxa7 Ne6 29. bxc6 Be7 30. Nd5 Kf8 31. Nf6 Bxf6 32. Qxf6 Qg7 33. Qxg7+
Kxg7 34. f4 Nd4 35. Nxd4 exd4 36. Rd7 Ra8 37. Rxd4 1-0

[Event "VL18/19"]
[Site "Mecklenburg-Vorpommern"]
[Date "2019.04.07"]
[Round "9.3"]
[White "Glawe, Hartmut"]
[Black "Van Bentum, Horst"]
[Result "1/2-1/2"]
[WhiteElo "2017"]
[BlackElo "1945"]
[PlyCount "22"]
[EventDate "2018.??.??"]
[EventType "team-tourn"]
[EventRounds "9"]
[EventCountry "GER"]
[WhiteTeam "FHSG Stralsund"]
[BlackTeam "Graal-Mueritz"]
[WhiteTeamCountry "GER"]
[BlackTeamCountry "GER"]

1. e4 e5 2. Nf3 Nc6 3. Bb5 a6 4. Bxc6 dxc6 5. O-O Bg4 6. h3 h5 7. c3 Qd3 8.
hxg4 hxg4 9. Nxe5 Bd6 10. Nxd3 Bh2+ 11. Kh1 Be5+ 1/2-1/2

[Event "VL18/19"]
[Site "Mecklenburg-Vorpommern"]
[Date "2019.04.07"]
[Round "9.8"]
[White "Perlick, Eberhard"]
[Black "Klepin, Wilfried"]
[Result "1/2-1/2"]
[WhiteElo "1871"]
[BlackElo "1798"]
[PlyCount "24"]
[EventDate "2018.??.??"]
[EventType "team-tourn"]
[EventRounds "9"]
[EventCountry "GER"]
[WhiteTeam "Graal-Mueritz"]
[BlackTeam "FHSG Stralsund"]
[WhiteTeamCountry "GER"]
[BlackTeamCountry "GER"]

1. d4 d5 2. Nc3 Nf6 3. Bg5 Bf5 4. e3 e6 5. Bd3 Bg6 6. Nf3 Bd6 7. O-O O-O 8. Ne2
Nbd7 9. c3 c6 10. Rc1 Qb8 11. Bf4 Ne4 12. Bxd6 Qxd6 1/2-1/2

[Event "VL18/19"]
[Site "Mecklenburg-Vorpommern"]
[Date "2019.04.07"]
[Round "9.1"]
[White "Fromm, Marius"]
[Black "Stutz, Reno"]
[Result "1-0"]
[WhiteElo "1988"]
[BlackElo "1956"]
[PlyCount "93"]
[EventDate "2018.??.??"]
[EventType "team-tourn"]
[EventRounds "9"]
[EventCountry "GER"]
[WhiteTeam "Greifswalder SV II"]
[BlackTeam "Gruen-Weiss Wismar"]
[WhiteTeamCountry "GER"]
[BlackTeamCountry "GER"]

1. Nf3 d5 2. c4 e6 3. g3 Nf6 4. Bg2 c6 5. O-O Be7 6. b3 O-O 7. Bb2 Nbd7 8. d3
b5 9. Nbd2 bxc4 10. bxc4 Rb8 11. Qc2 Qa5 12. Nd4 Bb7 13. Bc3 Qa6 14. N4b3 Rfc8
15. Rab1 Qa4 16. Rfc1 Ba3 17. Na5 Qxc2 18. Rxc2 Ba8 19. Rb3 Rxb3 20. Naxb3 Bd6
21. Bxf6 Nxf6 22. cxd5 exd5 23. d4 Bb4 24. Nc5 Bxc5 25. Rxc5 Nd7 26. Rc3 c5 27.
Bh3 Rd8 28. Bxd7 Rxd7 29. Rxc5 Bb7 30. Nb3 Ba6 31. e3 Kf8 32. Na5 Ke7 33. Kg2
f6 34. Kf3 Bd3 35. h4 h5 36. a3 g5 37. Nc6+ Ke6 38. Nb4 Bc4 39. e4 dxe4+ 40.
Kxe4 Be2 41. hxg5 f5+ 42. Ke3 Bg4 43. Nd3 Kd6 44. Nf4 Rb7 45. g6 Ke7 46. Rc3
Kf6 47. f3 1-0

[Event "VL18/19"]
[Site "Mecklenburg-Vorpommern"]
[Date "2019.04.07"]
[Round "9.2"]
[White "Kliewe, Hans Juergen"]
[Black "Lange, Jannis"]
[Result "0-1"]
[WhiteElo "2043"]
[BlackElo "1840"]
[PlyCount "115"]
[EventDate "2018.??.??"]
[EventType "team-tourn"]
[EventRounds "9"]
[EventCountry "GER"]
[WhiteTeam "Gruen-Weiss Wismar"]
[BlackTeam "Greifswalder SV II"]
[WhiteTeamCountry "GER"]
[BlackTeamCountry "GER"]

1. d4 d5 2. Nf3 Nf6 3. Bf4 c5 4. e3 Nc6 5. c3 Qb6 6. Qc2 g6 7. Nbd2 Bg7 8. h3
O-O 9. Be2 Nd7 10. O-O e5 11. dxe5 Ndxe5 12. Qb3 Rd8 13. Qxb6 axb6 14. Nxe5
Nxe5 15. Nf3 f6 16. Rfd1 Bf5 17. Rd2 Be4 18. Bxe5 fxe5 19. Ng5 Bf5 20. g4 Bf6
21. Nf3 Be4 22. a3 d4 23. cxd4 exd4 24. exd4 cxd4 25. Ne1 Rac8 26. Bd3 Bd5 27.
f4 Rc7 28. Kh2 g5 29. fxg5 Be5+ 30. Kg1 Bf4 31. Rc2 Rf7 32. Bf5 Be3+ 33. Kh2
Bxg5 34. Nd3 Re8 35. Rf1 Bb3 36. Rg2 Re3 37. Nf4 Bc4 38. Rff2 d3 39. Nh5 Bd5
40. Rg1 Re2 41. Rxe2 dxe2 42. Re1 Bc4 43. Ng3 Re7 44. Nxe2 Rxe2+ 45. Rxe2 Bxe2
46. b3 Bf3 47. Be6+ Kf8 48. Kg3 Bc6 49. h4 Bc1 50. a4 h6 51. Bc4 Ke7 52. Kf2
Kd6 53. Ke2 Kc5 54. Kd3 Bd7 55. g5 hxg5 56. hxg5 Bxg5 57. Kc2 Bc6 58. Kb2 0-1

[Event "VL18/19"]
[Site "Mecklenburg-Vorpommern"]
[Date "2019.04.07"]
[Round "9.3"]
[White "Mildner, Jens"]
[Black "Littke, Helmut"]
[Result "1/2-1/2"]
[WhiteElo "2023"]
[BlackElo "1938"]
[PlyCount "96"]
[EventDate "2018.??.??"]
[EventType "team-tourn"]
[EventRounds "9"]
[EventCountry "GER"]
[WhiteTeam "Greifswalder SV II"]
[BlackTeam "Gruen-Weiss Wismar"]
[WhiteTeamCountry "GER"]
[BlackTeamCountry "GER"]

1. d4 Nf6 2. c4 e6 3. Nc3 d5 4. Bg5 Be7 5. e3 h6 6. Bh4 O-O 7. Qc2 c5 8. dxc5
Nbd7 9. cxd5 Nxd5 10. Bxe7 Qxe7 11. Nxd5 exd5 12. Nf3 Qxc5 13. Qxc5 Nxc5 14.
Rd1 Rd8 15. Nd4 Bd7 16. Bd3 Nxd3+ 17. Rxd3 Rac8 18. Kd2 Kf8 19. Rc1 Rxc1 20.
Kxc1 Rc8+ 21. Kd2 Ke7 22. Ra3 a6 23. Rc3 Rxc3 24. Kxc3 Kd6 25. f4 b6 26. Nf3
Bf5 27. Nd2 Kc5 28. Nb3+ Kd6 29. Kd4 Bb1 30. a3 Be4 31. g3 Bc2 32. Nc1 f6 33.
Na2 Bb3 34. Nb4 a5 35. Nd3 Bc2 36. Nc1 Bd1 37. Na2 Bb3 38. Nc3 h5 39. h3 Ke6
40. Nb5 g6 41. Kc3 Ba4 42. Nd4+ Kd6 43. b4 axb4+ 44. Kxb4 Bd7 45. h4 Be8 46. a4
Bd7 47. Nb3 Bc6 48. a5 bxa5+ 1/2-1/2

[Event "VL18/19"]
[Site "Mecklenburg-Vorpommern"]
[Date "2019.04.07"]
[Round "9.4"]
[White "Junggebauer, Thomas"]
[Black "Schwahn, Christian"]
[Result "1-0"]
[WhiteElo "1902"]
[BlackElo "1984"]
[PlyCount "48"]
[EventDate "2018.??.??"]
[EventType "team-tourn"]
[EventRounds "9"]
[EventCountry "GER"]
[WhiteTeam "Gruen-Weiss Wismar"]
[BlackTeam "Greifswalder SV II"]
[WhiteTeamCountry "GER"]
[BlackTeamCountry "GER"]

1. e4 e6 2. d4 d5 3. Nd2 c5 4. exd5 exd5 5. Bb5+ Nc6 6. Qe2+ Be7 7. Ngf3 Nf6 8.
dxc5 O-O 9. Nb3 Ne4 10. Be3 Re8 11. O-O-O Nxc5 12. Bxc5 Bxc5 13. Qd2 Bb6 14.
Kb1 Bf5 15. Nfd4 Bd7 16. Nf3 Qc7 17. Qxd5 Rad8 18. Qd6 Qc8 19. Bxc6 Bxc6 20.
Qb4 Be4 21. Rd2 Rxd2 22. Qxd2 Bxf3 23. gxf3 Qf5 24. Re1 Rd8 1-0

[Event "VL18/19"]
[Site "Mecklenburg-Vorpommern"]
[Date "2019.04.07"]
[Round "9.5"]
[White "Troyke, Jannis"]
[Black "Bahr, Enrico"]
[Result "1/2-1/2"]
[WhiteElo "1895"]
[BlackElo "1874"]
[PlyCount "52"]
[EventDate "2018.??.??"]
[EventType "team-tourn"]
[EventRounds "9"]
[EventCountry "GER"]
[WhiteTeam "Greifswalder SV II"]
[BlackTeam "Gruen-Weiss Wismar"]
[WhiteTeamCountry "GER"]
[BlackTeamCountry "GER"]

1. e4 d5 2. exd5 Qxd5 3. Nc3 Qa5 4. d4 Nf6 5. Nf3 c6 6. Bc4 Bg4 7. h3 Bh5 8. g4
Bg6 9. Ne5 Nbd7 10. Nxg6 hxg6 11. Bd2 Qc7 12. g5 Nh5 13. Qf3 e6 14. O-O-O Nb6
15. Bd3 O-O-O 16. Ne2 Nd5 17. Kb1 Rd7 18. Rhe1 Bd6 19. Be4 Ndf4 20. Ng1 Be7 21.
Bxf4 Qxf4 22. Qg2 Qxg5 23. Bxc6 Qxg2 24. Bxg2 Nf4 25. Bf1 Bh4 26. Rd2 Bg5
1/2-1/2